Statistics for Top 10 Milk Producing US States

Click here to take the quiz!

General Stats

  • This quiz has been taken 264 times
  • The average score is 8 of 10

Answer Stats

Milk in Million PoundsAnswer% Correct
39,798California
95%
12,054Texas
91%
30,020Wisconsin
88%
11,231Michigan
86%
14,912New York
84%
9,864Minnesota
81%
6,526Washington
79%
10,938Pennsylvania
77%
14,627Idaho
66%
8,212New Mexico
45%

Score Distribution

Percentile by Number Answered

Percent of People with Each Score

Your Score History

You have not taken this quiz